000 01013cam a2200277 a 4500
999 _c1545
_d1545
001 1654021
003 GZU
005 20201019141755.0
008 970731s1998 nju bf 001 0 eng
010 _a 97030514
020 _a0134629612
040 _aDLC
_cDLC
_dDLC
_dWaU
050 0 0 _aHM 585
_bJOH 1998
082 0 0 _a808/.066301
_221
245 0 4 _aThe sociology student writer's manual /
_cWilliam A. Johnson, Jr. ... [et al.].
260 _aUpper Saddle River, N.J. :
_bPrentice Hall,
_cc1998.
300 _axiv, 250 p. ;
_c24 cm.
504 _aIncludes bibliographical references (p. 236-242) and index.
650 0 _aSociology
_xAuthorship
_vStyle manuals.
650 0 _aSociology
_xResearch
_vHandbooks, manuals, etc.
650 0 _aReport writing
_vHandbooks, manuals, etc.
700 1 _aJohnson, William A.,
_d1942-
906 _a7
_bcbc
_corignew
_d1
_eocip
_f19
_gy-gencatlg
942 _2lcc
_cBK
_h585
_iJOH
_kHM